Statistics for Trip Advisors Traveler's Choice US Destinations

Click here to take the quiz!

General Stats

  • This quiz has been taken 315 times
    (215 since last reset)
  • The average score is 18 of 25

Answer Stats

RankAnswer% Correct
1New York
98%
6Los Angeles
96%
25Miami Beach
96%
3San Francisco
95%
8Seattle
94%
2Chicago
93%
14Boston
90%
4Las Vegas
88%
7San Diego
88%
10Orlando
87%
9Washington D.C.
85%
12Houston
83%
5New Orleans
81%
20Atlanta
79%
15Portland
79%
21Phoenix
74%
11Honolulu
67%
18Austin
66%
24Nashville
66%
16San Antonio
60%
23Saint Louis
57%
13Charleston
38%
22Myrtle Beach
9%
17Palm Springs
4%
19Branson
3%

Score Distribution

Percentile by Number Answered

Percent of People with Each Score

Your Score History

You have not taken this quiz since the last reset